| 000 | 00670nam a2200229 a 4500 | ||
|---|---|---|---|
| 001 | 517 | ||
| 003 | BR-CuiBMT | ||
| 005 | 20231108190429.0 | ||
| 008 | 231108s2015 baba 001 0 por d | ||
| 020 | _a8544202039 | ||
| 040 |
_aBR-CuiBMT _cBR-CuiBMT |
||
| 080 |
_22007 _a343.2 |
||
| 090 |
_a343.2 _bC972m _c7. ed. |
||
| 100 | 1 | _aCunha, Rogério Sanches | |
| 245 | 1 | 0 |
_aManual de direito penal : _bparte especial (arts.121 ao 361) / _cRogério Sanches Cunha |
| 250 | _a7. ed., rev., ampl. e atual. | ||
| 260 |
_aSalvador : _bJuspodivm, _c2015. |
||
| 300 |
_a912 p. : _bil. color. ; _c25 cm |
||
| 504 | _aInclui bibliografia. | ||
| 650 | _aDireito penal | ||
| 942 |
_2udc _cLV |
||
| 999 |
_c517 _d517 |
||